L’idée du beau dans la Philosophie de Saint Thomas d’ Aquin (Registro nro. 303529)
[ vista simple ]
| 000 -ENCABEZADO | |
|---|---|
| Número de control [NR] | 01793nam a22002777a 4500 |
| 005 - FECHA Y HORA DE LA ÚLTIMA TRANSACCIÓN | |
| control field | 20160531130805.0 |
| 008 - DE LONGITUD FIJA DE DATOS DE ELEMENTOS - INFORMACIÓN GENERAL | |
| Elementos de longitud fija [NR] | 160531s1887 fr |||fr|||| 001 0 fre d |
| 040 ## - FUENTE DE CATALOGACION [NR] | |
| Quien Cataloga | Sandra Yazo |
| Quien Clasifica | Sandra Yazo |
| 041 ## - CODIGO DE IDIOMA [R] | |
| Código de idioma para texto/pista de sonido o título separado [R] | Español |
| 082 04 - NUMERO DE CLASIFICACION DECIMAL DEWEY [R] | |
| Número de la edición [NR] | 20 |
| Número de clasificación [R] | 111.85 |
| 092 ## - SIGNATURA TOPOGRAFICA LOCAL | |
| Número de clasificación local | E40N037 |
| 100 1# - ASIENTO PRINCIPAL--NOMBRE PERSONAL [NR] | |
| Nombre personal [NR] | Vallet, P. |
| Fechas asociadas con el nombre [NR] | 1845- |
| Forma más completa del nombre [NR] | (Pierre) |
| ID Autoridad | 77471 |
| 242 03 - TRADUCCION DEL TITULO POR LA AGENCIA CATALOGADORA [R] | |
| Título [NR] | La idea de belleza en la filosofía de Santo Tomás de Aquino |
| Mención de responsabilidad, etc. [NR] | par P. Vallet |
| Código de idioma del título traducido [NR] | spa |
| 245 10 - MENCION DE TITULO [NR] | |
| Título [NR] | L’idée du beau dans la Philosophie de Saint Thomas d’ Aquin |
| Mención de responsabilidad, etc. [NR] | par P. Vallet |
| 250 10 - MENCION DE EDICION [NR] | |
| Mención de edición [NR] | Deuxième édition (Segunda edición) |
| Resto de la mención de edición [NR] | revue, corrigée et augmentée [revisada, corregida y aumentada] |
| 260 ## - PUBLICACION, DISTRIBUCION, ETC. (PIE DE IMPRENTA) [R] | |
| Lugar de publicación, distribución, etc. [R] | París (Francia) |
| Nombre del editor, distribuidor, etc. [R] | Roger, A. et F. Chernoviz [A. Roger y F. Chernoviz] |
| -- | Imprimerie Outhenien-Chalandre Fils [Imprenta de Outhenien-Chalandre e hijos] |
| Fecha de publicación, distribución, etc. [R] | 1887 |
| 300 ## - DESCRIPCION FISICA [R] | |
| Extensión [R] | 384 páginas |
| Dimensiones [R] | 18 x 12 cm. |
| 500 ## - NOTA GENERAL [R] | |
| Nota general [NR] | Detalles físicos: Encuadernación rígida en cartón forrado en cuero. Lomo con líneas repujadas y adornos en dorado. Tapas con elaborados repujados. Guardas simulando papel de agua. Hoja de cortesía con una anotación manuscrita. Anteportada. Portada sencilla, impresa en un solo color. Texto impreso en una sola columna. Notas de pie de página |
| 505 2# - NOTA DE CONTENIDO CON FORMATO PREESTABLECIDO [R] | |
| Nota de contenido con formato preestablecido [NR] | Lo Bello considerado en sí mismo ; Lo Bello considerado en sus relaciones con nosotros ; Aplicación de estos principios: La belleza del hombre ; Lo bello en el universo ; La belleza de Dios ; Lo bello en el arte ; Apéndices: el templo cristiano, síntesis de las Bellas-Artes ; Lo alegre, lo bello y lo sublime ; Lo feo y lo ridículo |
| 506 ## - NOTA DE RESTRICCIONES DE ACCESO [R] | |
| Condiciones de acceso [NR] | Consulta en sala |
| 546 ## - NOTA DE IDIOMA [R] | |
| Nota de idioma [NR] | Texto en francés |
| 650 #7 - ASIENTO SECUNDARIO DE MATERIA - TERMINO TEMATICO [R] | |
| 9 (RLIN) | 9988 |
| Término temático o nombre geográfico como elemento de entrada [NR] | Belleza (Filosofía) |
| 650 #7 - ASIENTO SECUNDARIO DE MATERIA - TERMINO TEMATICO [R] | |
| 9 (RLIN) | 15075 |
| Término temático o nombre geográfico como elemento de entrada [NR] | Estética (Filosofía) |
| 690 ## - ASUNTO AGREGADO LOCAL DE ENTRADA - TÉRMINO TEMÁTICO (OCLC, RLIN) | |
| Acceso temático local | Filosofía |
| 9 (RLIN) | 75 |
| 942 ## - ELEMENTOS DE ENTRADA AGREGADOS (KOHA) | |
| Sistema de clasificación | LOCAL |
| Tipo de ítem principal el descrito en 300a | Libro |
| Edición | 2 |
| Clasificación | E40N037 |
| Suprimido | Perdido | Sistema de clasificación | Dañado | No prestable | Tipo de ítem específico | Ubicación habitual | Ubicación actual | Localización | Fecha de creación | Forma de adquisición | Costo | Total préstamos | Signatura topográfica | Código de barras | Última vez visto | Ejemplar | Price effective from | Tipo de ítem |
|---|---|---|---|---|---|---|---|---|---|---|---|---|---|---|---|---|---|---|
| LOCAL | Libro archivo | Archivo Histórico | Archivo Histórico | Archivo histórico | 31/05/2016 | Donación | 0.00 | E40N037 | L005693 | 31/05/2016 | Ej.1 | 31/05/2016 | Libro |